=LDR 00000nam 2200000 4500 =001 INLIS000000000001325 =005 20130612085729 =008 ***********************************Ind** =035 ##$$0010-061300000001325 =041 ##$$a Ind =082 ##$$a 2x9.8 =090 ##$$a 2x9.8, Sma-y =100 ##$$a SMAS, Bung =245 ##$$a Yang teruji yang terpuji, Bung Smas =260 ##$$a 1998 $b BandungbRemaja Rosdakarya =300 ##$$a 29 hlm, ilus, 28 cm =650 ##$$a Islam =650 ##$$a Biografi Nabi =850 ##$$a NBPNMAT